000 00567nam a2200181 a 4500
001 000030634
005 20200930062424.0
008 110525s2010 dr 000 0 spa d
040 _aDO-SdBNP
_bspa
_cBNPHU
082 _axxxx
_bR789p
100 1 _aRosario, Rolando
_d1963-
_957219
245 1 0 _aPoemas al mundo /
_cRolando Rosario.
260 _aSanto Domingo :
_bUniversitaria,
_c2010.
300 _a56 p. :
_bil., retr. ;
_c22 cm.
500 _aIncluye datos biográfico del autor en la contracubierta
910 _aValidado. Control de calidad MFF
049 _aBNPD
999 _c30126
_d30126